[Event "SVK-chT2C 2425"]
[Site "Slovakia"]
[Date "2024.11.10"]
[Round "2.7"]
[White "Jakab, Robert"]
[Black "Hlavac, Peter"]
[Result "1-0"]
[WhiteElo "1974"]
[BlackElo "1933"]
[PlyCount "102"]
[EventDate "2024.11.09"]
[EventType "team-tourn"]
[EventRounds "11"]
[EventCountry "SVK"]
[SourceTitle "CB51_2024"]
[SourceDate "2024.12.18"]
[SourceVersion "1"]
[SourceVersionDate "2024.12.18"]
[SourceQuality "1"]
[WhiteTeam "Cebovce II"]
[BlackTeam "Rajecke Teplice"]
[WhiteTeamCountry "SVK"]
[BlackTeamCountry "SVK"]

1. e4 c5 2. Nf3 d6 3. d4 cxd4 4. Nxd4 Nf6 5. Nc3 a6 6. a4 g6 7. Be2 Bg7 8. Be3 0-0 9. f3 Nc6 10. Qd2 Nxd4 11. Bxd4 Qa5 12. Be3 Be6 13. 0-0 Qb4 14. Nd1 Qxd2 15. Bxd2 Rfc8 16. Ne3 Nd7 17. c3 Nc5 18. Ra3 Nb3 19. Rd1 h5 20. Be1 Bh6 21. Kf2 Rc7 22. Nd5 Bxd5 23. Rxd5 Nc5 24. Bd2 Bxd2 25. Rxd2 Rac8 26. Ke3 Kg7 27. f4 Nd7 28. Rd4 Nb6 29. Rb3 Nd7 30. Ra3 a5 31. h4 Nc5 32. Bb5 b6 33. Rd2 f6 34. Rd5 Kf7 35. Ra1 Nb3 36. Rad1 Rc5 37. Rxc5 Rxc5 38. Rd5 Rxd5 39. exd5 Nc5 40. b4 Nb7 41. Kd4 Kf8 42. Bd7 g5 43. g3 gxf4 44. gxf4 Kf7 45. f5 Nd8 46. Kc4 Kf8 47. Be6 Nxe6 48. dxe6 axb4 49. Kxb4 Ke8 50. Kb5 Kd8 51. Kxb6 Kc8 1-0

[Event "SVK-chT2C 2223"]
[Site "Slovakia"]
[Date "2022.11.12"]
[Round "3.5"]
[White "Marsina, Stefan"]
[Black "Hlavac, Peter"]
[Result "1/2-1/2"]
[WhiteElo "1766"]
[BlackElo "1975"]
[PlyCount "92"]
[EventDate "2022.10.08"]
[EventType "team-tourn"]
[EventRounds "11"]
[EventCountry "SVK"]
[SourceTitle "EXT 2024"]
[Source "ChessBase"]
[SourceDate "2023.10.10"]
[SourceVersion "1"]
[SourceVersionDate "2023.10.10"]
[SourceQuality "1"]
[WhiteTeam "Dunajov Martin III"]
[BlackTeam "Rajecke Teplice"]
[WhiteTeamCountry "SVK"]
[BlackTeamCountry "SVK"]

1. d4 Nf6 2. Nf3 c5 3. c3 g6 4. Bf4 Qb6 5. Qc1 Bg7 6. dxc5 Qxc5 7. Nbd2 Nc6 8. e3 e5 9. Bg3 0-0 10. Be2 a5 11. 0-0 Re8 12. a4 d5 13. Bb5 Nh5 14. Nb3 Qb6 15. Rd1 Nxg3 16. hxg3 Rd8 17. c4 dxc4 18. Rxd8+ Qxd8 19. Bxc4 e4 20. Nfd2 Bf5 21. g4 Bxg4 22. Nxe4 Ne5 23. Bb5 Rc8 24. Qe1 b6 25. Nd4 Qd5 26. Nc3 Qb7 27. Qf1 Rc5 28. Rc1 Qc7 29. f4 Nc4 30. Qf2 Nd6 31. Bd3 Qe7 32. Re1 Qf6 33. Nf3 Bxf3 34. Qxf3 Qh4 35. Rc1 Rh5 36. Qh3 Qxh3 37. gxh3 Rxh3 38. Nd5 Bxb2 39. Rc6 Ba3 40. Kg2 Rh4 41. Nxb6 Kg7 42. Nc4 Nxc4 43. Bxc4 Bc1 44. Rc7 Bxe3 45. Rxf7+ Kh6 46. Kg3 Rh5 1/2-1/2

[Event "SVK-chT2C 2223"]
[Site "Slovakia"]
[Date "2022.10.08"]
[Round "1.3"]
[White "Kovacs, Daniel1"]
[Black "Hlavac, Peter"]
[Result "0-1"]
[WhiteElo "1991"]
[BlackElo "1949"]
[PlyCount "120"]
[EventDate "2022.10.08"]
[EventType "team-tourn"]
[EventRounds "11"]
[EventCountry "SVK"]
[SourceTitle "CBM 210 Extra"]
[Source "ChessBase"]
[SourceDate "2022.11.30"]
[SourceVersion "1"]
[SourceVersionDate "2022.11.30"]
[SourceQuality "1"]
[WhiteTeam "Vinica"]
[BlackTeam "Rajecke Teplice"]
[WhiteTeamCountry "SVK"]
[BlackTeamCountry "SVK"]

1. e4 e6 2. a3 c5 3. b4 d5 4. e5 Nc6 5. f4 cxb4 6. axb4 Bxb4 7. c3 Be7 8. d4 Nh6 9. Bd3 Bd7 10. Qh5 Qb6 11. Ne2 Na5 12. Nd2 Rc8 13. 0-0 Rxc3 14. Rb1 Qc7 15. Nxc3 Qxc3 16. Qh3 Qxd4+ 17. Kh1 b6 18. Be2 Qc5 19. Bd3 b5 20. Bb2 Nc4 21. Bxc4 bxc4 22. Ba3 Qc7 23. Bxe7 Kxe7 24. Qa3+ Kd8 25. Ra1 Re8 26. Nf3 Re7 27. Qxa7 Qxa7 28. Rxa7 Nf5 29. Rb1 Bc8 30. Rxe7 Kxe7 31. Kg1 f6 32. Kf2 h5 33. Ke2 Kd7 34. Kd2 d4 35. Rb4 Ba6 36. Rb6 c3+ 37. Kc1 Bf1 38. Nxd4 Nxd4 39. Rd6+ Ke7 40. Rxd4 Bxg2 41. Kc2 fxe5 42. fxe5 g5 43. h4 gxh4 44. Rxh4 Bf3 45. Rf4 Bg4 46. Kxc3 Bf5 47. Rh4 Bg4 48. Kd4 Kf7 49. Ke4 Kg6 50. Kf4 Bf5 51. Rh1 Bg4 52. Rc1 Bf5 53. Rc8 h4 54. Rg8+ Kf7 55. Rh8 h3 56. Kg5 Kg7 57. Rh4 Kf7 58. Rb4 Kg7 59. Rb7+ Kg8 60. Kh4 h2 0-1

[Event "SVK-ch Seniors 65"]
[Site "Tatranske Matliare"]
[Date "2021.06.25"]
[Round "7"]
[White "Hlavac, Peter"]
[Black "Szaraz, Vojtech"]
[Result "1-0"]
[WhiteElo "1917"]
[BlackElo "1818"]
[PlyCount "77"]
[EventDate "2021.06.20"]
[EventType "swiss"]
[EventRounds "9"]
[EventCountry "SVK"]
[SourceTitle "EXT 2022"]
[Source "ChessBase"]
[SourceDate "2021.10.06"]
[SourceVersion "1"]
[SourceVersionDate "2021.10.06"]
[SourceQuality "1"]

1. d4 d5 2. Nf3 Nf6 3. c4 e6 4. Qc2 Nbd7 5. Bg5 h6 6. Bh4 Be7 7. Nc3 0-0 8. e3 a6 9. c5 Re8 10. Be2 Bf8 11. 0-0 g5 12. Bg3 Nh5 13. b4 Nxg3 14. hxg3 Bg7 15. Rad1 c6 16. e4 dxe4 17. Nxe4 Qe7 18. Nd6 Rf8 19. Rfe1 Nf6 20. Ne5 Ne8 21. Nec4 Nxd6 22. Nxd6 b5 23. Bf3 Qc7 24. Bh5 Bd7 25. Re3 a5 26. a3 axb4 27. axb4 e5 28. dxe5 Be6 29. f4 Ra2 30. Qb1 Rfa8 31. f5 Bd5 32. Bf3 Bxf3 33. gxf3 Qe7 34. Rde1 R8a4 35. Qe4 Qc7 36. e6 fxe6 37. fxe6 Qe7 38. Nf5 Qe8 39. e7 1-0

[Event "SVK-ch Seniors 65"]
[Site "Tatranske Matliare"]
[Date "2021.06.23"]
[Round "5"]
[White "Dobrovolsky, Ladislav"]
[Black "Hlavac, Peter"]
[Result "1-0"]
[WhiteElo "2254"]
[BlackElo "1917"]
[PlyCount "89"]
[EventDate "2021.06.20"]
[EventType "swiss"]
[EventRounds "9"]
[EventCountry "SVK"]
[SourceTitle "EXT 2022"]
[Source "ChessBase"]
[SourceDate "2021.10.06"]
[SourceVersion "1"]
[SourceVersionDate "2021.10.06"]
[SourceQuality "1"]

1. c4 Nf6 2. Nf3 c5 3. d4 cxd4 4. Nxd4 Nc6 5. Nc3 g6 6. e4 d6 7. Nc2 Bg7 8. Be2 0-0 9. 0-0 Be6 10. f3 Rc8 11. Nd5 Ne5 12. Nce3 Bxd5 13. cxd5 Qb6 14. Kh1 Rc5 15. f4 Ned7 16. Bf3 Rfc8 17. Qe2 Ne8 18. Rb1 Bd4 19. Bd2 a5 20. b3 Qc7 21. Nc4 Ra8 22. Qd3 Bg7 23. Rfc1 b5 24. Na3 b4 25. Nc4 Qb8 26. h3 Nc7 27. e5 Na6 28. e6 Nf8 29. exf7+ Kxf7 30. f5 Ra7 31. Be3 Rac7 32. Bxc5 Nxc5 33. fxg6+ hxg6 34. Qe3 a4 35. Nd2 Nfd7 36. Rc4 Ne5 37. Qf4+ Kg8 38. Rxb4 Qa7 39. Qe3 axb3 40. Nxb3 Qxa2 41. Nxc5 Rxc5 42. Be4 Nc4 43. Qg5 Rc8 44. Qxg6 Ne5 45. Qe6+ 1-0

[Event "SVK-ch Rapid"]
[Site "Modra"]
[Date "2021.06.12"]
[Round "5"]
[White "Hlavac, Peter"]
[Black "Matejov, Jaroslav"]
[Result "1-0"]
[WhiteElo "1917"]
[BlackElo "2020"]
[PlyCount "70"]
[EventDate "2021.06.12"]
[EventType "swiss (rapid)"]
[EventRounds "9"]
[EventCountry "SVK"]
[SourceTitle "EXT 2022"]
[Source "ChessBase"]
[SourceDate "2021.10.06"]
[SourceVersion "1"]
[SourceVersionDate "2021.10.06"]
[SourceQuality "1"]

1. Nf3 Nf6 2. c4 c5 3. Nc3 Nc6 4. e3 g6 5. d4 cxd4 6. exd4 Bg7 7. d5 Nb4 8. a3 Na6 9. Be3 d6 10. b4 0-0 11. Rc1 Bg4 12. Be2 Nb8 13. h3 Bxf3 14. Bxf3 Nbd7 15. 0-0 a6 16. c5 Ne5 17. Be2 dxc5 18. bxc5 Qa5 19. Qb3 Rab8 20. Qb4 Qc7 21. d6 exd6 22. cxd6 Qd7 23. Rfd1 Rbc8 24. Na4 Rxc1 25. Bxc1 Nc6 26. Qb6 Re8 27. Bf3 Ne5 28. Bxb7 Qxa4 29. Rd4 Qd7 30. Bxa6 Qe6 31. Bb5 Rd8 32. Qxd8+ Ne8 33. Qxe8+ Qxe8 34. Bxe8 Nf3+ 35. gxf3 Bxd4 1-0

[Event "SVK-ch Rapid"]
[Site "Modra"]
[Date "2021.06.12"]
[Round "2"]
[White "Zetocha, Claudiu Andrei"]
[Black "Hlavac, Peter"]
[Result "1-0"]
[WhiteElo "2288"]
[BlackElo "1917"]
[PlyCount "51"]
[EventDate "2021.06.12"]
[EventType "swiss (rapid)"]
[EventRounds "9"]
[EventCountry "SVK"]
[SourceTitle "EXT 2022"]
[Source "ChessBase"]
[SourceDate "2021.10.06"]
[SourceVersion "1"]
[SourceVersionDate "2021.10.06"]
[SourceQuality "1"]

1. e4 c6 2. d4 d5 3. exd5 cxd5 4. Bd3 Nf6 5. c3 e6 6. Nf3 Bd6 7. Bg5 h6 8. Bh4 Nbd7 9. Nbd2 0-0 10. 0-0 b6 11. Qe2 Bb7 12. Ne5 Be7 13. Rae1 Nxe5 14. dxe5 Nd7 15. Bxe7 Qxe7 16. Nf3 Rfd8 17. Nd4 a6 18. f4 Nf8 19. a3 b5 20. Rf3 Re8 21. Kh1 f6 22. Rg3 Bc8 23. Qh5 Kh8 24. exf6 Qxf6 25. Qxe8 Kg8 26. h4 1-0

[Event "Drienica Saris op"]
[Site "Drienica"]
[Date "2020.08.13"]
[Round "7"]
[White "Socko, Weronika"]
[Black "Hlavac, Peter"]
[Result "1/2-1/2"]
[WhiteElo "1741"]
[BlackElo "1952"]
[PlyCount "118"]
[EventDate "2020.08.07"]
[EventType "swiss"]
[EventRounds "9"]
[EventCountry "SVK"]
[SourceTitle "CBM 197 Extra"]
[Source "ChessBase"]
[SourceDate "2020.09.30"]
[SourceVersion "1"]
[SourceVersionDate "2020.09.30"]
[SourceQuality "1"]

1. d4 Nf6 2. c4 c5 3. e3 g6 4. Nf3 Bg7 5. Nc3 d5 6. dxc5 Qa5 7. Bd2 dxc4 8. Bxc4 Qxc5 9. Qb3 0-0 10. 0-0 Nc6 11. Qb5 Qxb5 12. Bxb5 Bd7 13. Rac1 Rfd8 14. Rfd1 a6 15. Bc4 Bg4 16. Be2 Rd7 17. h3 Bxf3 18. Bxf3 Ne5 19. Be2 Rad8 20. Be1 Nd3 21. Bxd3 Rxd3 22. Rxd3 Rxd3 23. Kf1 Ne8 24. Ke2 Rd8 25. Rc2 f5 26. e4 Kf7 27. f4 e5 28. fxe5 Bxe5 29. exf5 gxf5 30. Nd1 Nf6 31. Ne3 Ke6 32. b3 b5 33. Rc6+ Rd6 34. Rxd6+ Bxd6 35. Kf3 h5 36. Nc2 Ne4 37. Nb4 Ng5+ 38. Ke2 Bxb4 39. Bxb4 Ke5 40. Kd3 Ne4 41. Ba5 Nc5+ 42. Ke3 f4+ 43. Kf3 Nd3 44. Bd2 Kf5 45. g3 Ne5+ 46. Kf2 fxg3+ 47. Kxg3 h4+ 48. Kf2 Ke4 49. Bg5 Ng6 50. Bf6 Nf4 51. Bxh4 Nxh3+ 52. Ke1 Kd3 53. Kd1 Nf4 54. Kc1 Nd5 55. Kb2 b4 56. Bg3 Ne3 57. Bd6 Nd1+ 58. Kc1 Nc3 59. Kb2 Nd1+ 1/2-1/2

[Event "Drienica Saris op"]
[Site "Drienica"]
[Date "2020.08.11"]
[Round "5"]
[White "Garancovsky, Pavol"]
[Black "Hlavac, Peter"]
[Result "1-0"]
[WhiteElo "2027"]
[BlackElo "1952"]
[PlyCount "39"]
[EventDate "2020.08.07"]
[EventType "swiss"]
[EventRounds "9"]
[EventCountry "SVK"]
[SourceTitle "CBM 197 Extra"]
[Source "ChessBase"]
[SourceDate "2020.09.30"]
[SourceVersion "1"]
[SourceVersionDate "2020.09.30"]
[SourceQuality "1"]

1. d4 Nf6 2. Nf3 c5 3. d5 b5 4. e4 Nxe4 5. Bd3 Nd6 6. Bf4 c4 7. Be2 Bb7 8. Bxd6 exd6 9. Nc3 Qa5 10. 0-0 b4 11. Bxc4 bxc3 12. Re1+ Be7 13. Qe2 0-0 14. Qxe7 cxb2 15. Rab1 Bxd5 16. Qg5 f5 17. Re7 Bf7 18. Bxf7+ Rxf7 19. Re8+ Rf8 20. Qe7 1-0

[Event "SVK-chT2C 1920"]
[Site "Slovakia"]
[Date "2020.02.15"]
[Round "8.7"]
[White "Hlavac, Peter"]
[Black "Durica, Adam"]
[Result "1/2-1/2"]
[WhiteElo "1969"]
[BlackElo "2083"]
[PlyCount "110"]
[EventDate "2019.10.26"]
[EventType "team-tourn"]
[EventRounds "11"]
[EventCountry "SVK"]
[SourceTitle "CBM 195 Extra"]
[Source "ChessBase"]
[SourceDate "2020.05.31"]
[SourceVersion "1"]
[SourceVersionDate "2020.05.31"]
[SourceQuality "1"]
[WhiteTeam "Rajecke Teplice"]
[BlackTeam "Ondrasova Krivan"]
[WhiteTeamCountry "SVK"]
[BlackTeamCountry "SVK"]

1. Nf3 d6 2. d4 Nf6 3. c4 g6 4. Nc3 Bg7 5. h3 0-0 6. Bf4 Nbd7 7. g4 c6 8. Bg2 Qa5 9. 0-0 e5 10. dxe5 dxe5 11. Bg3 Re8 12. Nd2 Nc5 13. a3 Qc7 14. b4 Ne6 15. e3 h5 16. Ra2 hxg4 17. hxg4 Ng5 18. f3 Be6 19. Qe2 b5 20. Rc2 Qb6 21. cxb5 cxb5 22. Nxb5 e4 23. Nc7 Rac8 24. Nxe4 Ngxe4 25. fxe4 Bxg4 26. Rxf6 Qxc7 27. Rxc7 Bxe2 28. Rfxf7 Bh6 29. Kf2 Bd3 30. e5 Rxc7 31. Rxc7 Rf8+ 32. Ke1 Bxe3 33. Rc3 Rd8 34. e6 Bg5 35. Bf3 Bf5 36. Rc7 Bxe6 37. Rxa7 Rd3 38. Ke2 Rd2+ 39. Ke1 Rd3 40. Ke2 Rd2+ 41. Ke1 Rd3 42. Ra8+ Kf7 43. Kf2 Rxf3+ 44. Kxf3 Bd5+ 45. Kg4 Bxa8 46. Kxg5 Bc6 47. Kf4 Ke6 48. Ke3 Kd5 49. Kd3 g5 50. Kc3 Ba4 51. Bf2 g4 52. Be1 Bd1 53. Kd3 Kc6 54. Kd2 Ba4 55. Kc3 Kb5 1/2-1/2

[Event "SVK-chT2C 1920"]
[Site "Slovakia"]
[Date "2019.11.16"]
[Round "3.3"]
[White "Kovacs, Daniel1"]
[Black "Hlavac, Peter"]
[Result "0-1"]
[WhiteElo "2010"]
[BlackElo "1973"]
[PlyCount "70"]
[EventDate "2019.10.26"]
[EventType "team-tourn"]
[EventRounds "11"]
[EventCountry "SVK"]
[SourceTitle "CBM 193 Extra"]
[Source "ChessBase"]
[SourceDate "2020.01.31"]
[SourceVersion "1"]
[SourceVersionDate "2020.01.31"]
[SourceQuality "1"]
[WhiteTeam "Vinica"]
[BlackTeam "Rajecke Teplice"]
[WhiteTeamCountry "SVK"]
[BlackTeamCountry "SVK"]

1. e4 c5 2. Nf3 d6 3. d4 cxd4 4. Nxd4 Nf6 5. Nc3 e6 6. Be3 a6 7. Bd3 Be7 8. f3 b5 9. a3 Bb7 10. Qd2 Nbd7 11. 0-0 0-0 12. Rad1 Ne5 13. Bf2 Nxd3 14. Qxd3 Rc8 15. Rfe1 Qc7 16. Nce2 Rfd8 17. c3 d5 18. exd5 Nxd5 19. Qb1 Bg5 20. Ng3 g6 21. Ne4 Bf4 22. Bg3 e5 23. Bxf4 Nxf4 24. Ne2 Rxd1 25. Qxd1 Rd8 26. Nf6+ Kg7 27. Ne8+ Rxe8 28. Nxf4 Rd8 29. Nd3 Qc4 30. Re3 e4 31. fxe4 Bxe4 32. b3 Rxd3 33. bxc4 Rxd1+ 34. Kf2 Bc6 35. cxb5 axb5 0-1

[Event "SVK-ch 65"]
[Site "Tatranske Matliare"]
[Date "2019.06.01"]
[Round "9"]
[White "Veselsky, Jozef"]
[Black "Hlavac, Peter"]
[Result "1-0"]
[WhiteElo "2148"]
[BlackElo "1956"]
[PlyCount "81"]
[EventDate "2019.05.25"]
[EventType "swiss"]
[EventRounds "9"]
[EventCountry "SVK"]
[SourceTitle "CBM 190 Extra"]
[Source "ChessBase"]
[SourceDate "2019.07.15"]
[SourceVersion "1"]
[SourceVersionDate "2019.07.15"]
[SourceQuality "1"]

1. d4 Nf6 2. Nf3 c5 3. e3 g6 4. c4 Bg7 5. Nc3 0-0 6. Be2 d6 7. 0-0 Nbd7 8. Qc2 a6 9. b3 e6 10. Bb2 b6 11. Rad1 Qc7 12. Rfe1 Bb7 13. a4 d5 14. cxd5 exd5 15. dxc5 bxc5 16. Rc1 Rac8 17. Red1 Rfd8 18. Nb1 Qb6 19. Ne5 Nf8 20. Ng4 d4 21. Nxf6+ Bxf6 22. Bg4 Ne6 23. Na3 Bd5 24. Nc4 Qb7 25. f3 Rb8 26. Rd3 Bg5 27. Re1 Bxc4 28. Qxc4 Bxe3+ 29. Rdxe3 dxe3 30. Bxe6 fxe6 31. Qxe6+ Qf7 32. Qe5 Kf8 33. Qxc5+ Qe7 34. Qc3 Rbc8 35. Qh8+ Kf7 36. Qxh7+ Ke8 37. Qxg6+ Kd7 38. Bf6 Qc5 39. Qd3+ Ke6 40. Bxd8 e2+ 41. Kh1 1-0

[Event "SVK-ch 65"]
[Site "Tatranske Matliare"]
[Date "2019.05.31"]
[Round "8"]
[White "Hlavac, Peter"]
[Black "Drabek, Miloslav"]
[Result "1/2-1/2"]
[WhiteElo "1956"]
[BlackElo "1989"]
[PlyCount "40"]
[EventDate "2019.05.25"]
[EventType "swiss"]
[EventRounds "9"]
[EventCountry "SVK"]
[SourceTitle "CBM 190 Extra"]
[Source "ChessBase"]
[SourceDate "2019.07.15"]
[SourceVersion "1"]
[SourceVersionDate "2019.07.15"]
[SourceQuality "1"]

1. Nf3 Nf6 2. d4 d6 3. h3 Nbd7 4. Bf4 g6 5. Nc3 Bg7 6. g4 c5 7. d5 0-0 8. Bg2 b5 9. Nd2 b4 10. Na4 Bb7 11. e4 Ba6 12. Rc1 Qa5 13. c4 bxc3 14. Nxc3 Rab8 15. Qc2 Ne8 16. Bf1 Bxf1 17. Kxf1 Ne5 18. Kg2 Qa6 19. Bxe5 Bxe5 20. b3 Nf6 1/2-1/2

[Event "SVK-chT2C 1718"]
[Site "Slovakia"]
[Date "2018.02.25"]
[Round "9.2"]
[White "Gyerpal, Adrian"]
[Black "Hlavac, Peter"]
[Result "1-0"]
[WhiteElo "1929"]
[BlackElo "1932"]
[PlyCount "71"]
[EventDate "2017.10.28"]
[EventType "team-tourn"]
[EventRounds "11"]
[EventCountry "SVK"]
[SourceTitle "EXT 2019"]
[Source "ChessBase"]
[SourceDate "2018.10.10"]
[SourceVersion "1"]
[SourceVersionDate "2018.10.10"]
[SourceQuality "1"]
[WhiteTeam "Zvolen Slavia"]
[BlackTeam "Rajecke Teplice"]
[WhiteTeamCountry "SVK"]
[BlackTeamCountry "SVK"]

1. d4 Nf6 2. c4 c5 3. d5 b5 4. cxb5 a6 5. bxa6 Nxa6 6. Nc3 Qa5 7. Bd2 Nb4 8. a3 c4 9. Na2 e6 10. Nxb4 exd5 11. Nf3 Ne4 12. Na2 Qb6 13. e3 Qxb2 14. Qc1 Bxa3 15. Nc3 Qb3 16. Qb1 Nxd2 17. Kxd2 Bb2 18. Rxa8 Qxc3+ 19. Kd1 0-0 20. Rb8 Ba3 21. Nd4 d6 22. h3 Bd7 23. Nb5 Qa5 24. Nxa3 Qxa3 25. Rxf8+ Kxf8 26. Ke1 Qa5+ 27. Ke2 g6 28. Kf3 Bf5 29. Qc1 c3 30. Be2 c2 31. Kg3 d4 32. exd4 Qc3+ 33. Qe3 Qb2 34. Re1 Qb4 35. Bg4 Bd3 36. Qh6+ 1-0

[Event "SVK-chT2C 1718"]
[Site "Slovakia"]
[Date "2018.02.24"]
[Round "8.4"]
[White "Hlavac, Peter"]
[Black "Szamos, Alexander"]
[Result "0-1"]
[WhiteElo "1932"]
[BlackElo "2146"]
[PlyCount "54"]
[EventDate "2017.10.28"]
[EventType "team-tourn"]
[EventRounds "11"]
[EventCountry "SVK"]
[SourceTitle "EXT 2019"]
[Source "ChessBase"]
[SourceDate "2018.10.10"]
[SourceVersion "1"]
[SourceVersionDate "2018.10.10"]
[SourceQuality "1"]
[WhiteTeam "Rajecke Teplice"]
[BlackTeam "Filakovo"]
[WhiteTeamCountry "SVK"]
[BlackTeamCountry "SVK"]

1. d4 Nf6 2. c4 e6 3. Nf3 d5 4. Bg5 Be7 5. Nc3 h6 6. Bxf6 Bxf6 7. e4 c6 8. cxd5 cxd5 9. e5 Be7 10. Bb5+ Bd7 11. 0-0 Bxb5 12. Nxb5 Qb6 13. Qe2 Nc6 14. Rfd1 0-0 15. Rac1 Rac8 16. Rc3 a6 17. Na3 Nb4 18. Rdc1 Rc6 19. Rxc6 bxc6 20. b3 Qa5 21. Nb1 Nxa2 22. Rxc6 Nb4 23. Rc1 Rb8 24. Qb2 Nd3 25. Qc3 Qb5 26. Rd1 Qxb3 27. Rxd3 Qxb1+ 0-1

[Event "SVK-chT2C 1718"]
[Site "Slovakia"]
[Date "2018.01.14"]
[Round "6.2"]
[White "Hlavac, Peter"]
[Black "Zagrapan, Pavol"]
[Result "0-1"]
[WhiteElo "1932"]
[BlackElo "2030"]
[PlyCount "66"]
[EventDate "2017.10.28"]
[EventType "team-tourn"]
[EventRounds "11"]
[EventCountry "SVK"]
[SourceTitle "EXT 2019"]
[Source "ChessBase"]
[SourceDate "2018.10.10"]
[SourceVersion "1"]
[SourceVersionDate "2018.10.10"]
[SourceQuality "1"]
[WhiteTeam "Rajecke Teplice"]
[BlackTeam "Cadca Caissa"]
[WhiteTeamCountry "SVK"]
[BlackTeamCountry "SVK"]

1. Nf3 e6 2. c4 f5 3. g3 Nf6 4. Bg2 Be7 5. Nc3 0-0 6. d3 d6 7. e4 fxe4 8. dxe4 e5 9. h3 Be6 10. Qe2 h6 11. Be3 c5 12. 0-0 Nc6 13. Nd2 Qd7 14. Kh2 Bf7 15. f4 exf4 16. gxf4 Bh5 17. Bf3 Qe8 18. Nd5 Bxf3 19. Qxf3 Nxd5 20. cxd5 Nd4 21. Bxd4 cxd4 22. Qd3 Bh4 23. Qxd4 Rc8 24. e5 Rc2 25. Kh1 Qh5 26. Qd3 Rxb2 27. Nc4 Rf2 28. Rxf2 Bxf2 29. exd6 Rxf4 30. d7 Bh4 31. Re1 Rf8 32. Nd6 Bxe1 33. Qe3 Qxd5+ 0-1

[Event "SVK-chT2C 1718"]
[Site "Slovakia"]
[Date "2017.10.29"]
[Round "2.5"]
[White "Uhrincat, Ivan"]
[Black "Hlavac, Peter"]
[Result "1/2-1/2"]
[WhiteElo "1978"]
[BlackElo "1932"]
[PlyCount "133"]
[EventDate "2017.10.28"]
[EventType "team-tourn"]
[EventRounds "11"]
[EventCountry "SVK"]
[SourceTitle "CBM 181 Extra"]
[Source "ChessBase"]
[SourceDate "2017.12.12"]
[SourceVersion "1"]
[SourceVersionDate "2017.12.12"]
[SourceQuality "1"]
[WhiteTeam "Banska Bystrica Kurta"]
[BlackTeam "Rajecke Teplice"]
[WhiteTeamCountry "SVK"]
[BlackTeamCountry "SVK"]

1. d4 Nf6 2. c4 e6 3. Nc3 Bb4 4. e3 b6 5. Nge2 Bb7 6. a3 Be7 7. Nf4 d6 8. Bd3 Nbd7 9. 0-0 e5 10. Nfd5 c6 11. Nxf6+ Nxf6 12. b4 0-0 13. Bb2 exd4 14. exd4 d5 15. c5 Re8 16. Re1 Qc7 17. Qf3 Bf8 18. Ne2 Re7 19. Bc1 Ne4 20. Bf4 Qd7 21. Ng3 f5 22. Be5 g6 23. Qf4 Rae8 24. Nxe4 fxe4 25. Be2 Bg7 26. Bxg7 Rxg7 27. Bg4 Qe7 28. Re3 Rf7 29. Qg3 Qf6 30. Rd1 Bc8 31. Bxc8 Rxc8 32. f3 Rcf8 33. h3 exf3 34. Rxf3 Qe6 35. Rxf7 Qxf7 36. cxb6 axb6 37. Rc1 Qf6 38. Qe3 Rf7 39. Qe8+ Kg7 40. Qxc6 Qxd4+ 41. Kh1 Rf6 42. Qc3 Qf2 43. Qe5 d4 44. Rd1 d3 45. Kh2 Qe2 46. Qxe2 dxe2 47. Re1 Re6 48. Kg3 Re3+ 49. Kf4 Rxa3 50. Rxe2 Rb3 51. Re4 h6 52. Rc4 b5 53. Rd4 Kf6 54. h4 Ke6 55. Re4+ Kf6 56. Rd4 Ke6 57. g3 Rc3 58. g4 Rc1 59. Re4+ Kd6 60. Rd4+ Ke6 61. Re4+ Kf6 62. g5+ hxg5+ 63. hxg5+ Kf7 64. Ke5 Rg1 65. Kf4 Rf1+ 66. Kg4 Rc1 67. Kf4 1/2-1/2

[Event "Oravska Priehrada op"]
[Site "Oravska Priehrada"]
[Date "2016.08.29"]
[Round "6"]
[White "Hlavac, Peter"]
[Black "Manik, Mikulas"]
[Result "0-1"]
[WhiteElo "2004"]
[BlackElo "2444"]
[PlyCount "38"]
[EventDate "2016.08.26"]
[EventType "swiss"]
[EventRounds "7"]
[EventCountry "SVK"]
[SourceTitle "CBM 174 Extra"]
[Source "ChessBase"]
[SourceDate "2016.10.10"]
[SourceVersion "1"]
[SourceVersionDate "2016.10.10"]
[SourceQuality "1"]

1. e4 c5 2. Nf3 d6 3. Bb5+ Nd7 4. c4 g6 5. d4 cxd4 6. Qxd4 Ngf6 7. e5 dxe5 8. Nxe5 Bg7 9. Nc3 0-0 10. Bf4 Nxe5 11. Bxe5 Be6 12. Rd1 Qa5 13. c5 Rfd8 14. Qa4 Rxd1+ 15. Qxd1 a6 16. Be2 Rd8 17. Qa4 Qxc5 18. Bf4 Rd4 19. Be3 Qxc3+ 0-1

[Event "Banska Stiavnica V4 op"]
[Site "Banska Stiavnica"]
[Date "2016.07.06"]
[Round "5"]
[White "Hlavac, Peter"]
[Black "Kuna, Martin"]
[Result "1-0"]
[WhiteElo "2007"]
[BlackElo "1904"]
[PlyCount "47"]
[EventDate "2016.07.02"]
[EventType "swiss"]
[EventRounds "9"]
[EventCountry "SVK"]
[SourceTitle "CBM 173 Extra"]
[Source "ChessBase"]
[SourceDate "2016.08.29"]
[SourceVersion "1"]
[SourceVersionDate "2016.08.29"]
[SourceQuality "1"]

1. Nf3 c5 2. g3 d5 3. Bg2 Nf6 4. 0-0 Bf5 5. c4 e6 6. d4 Nc6 7. cxd5 Nxd5 8. Nc3 Nxc3 9. bxc3 Be7 10. Be3 0-0 11. dxc5 Qa5 12. Nd4 Bxc5 13. Nb3 Qxc3 14. Nxc5 Rfd8 15. Qb3 Qxb3 16. axb3 Rab8 17. Bxc6 bxc6 18. Rxa7 h6 19. Rc1 Bh3 20. f3 Rd5 21. Kf2 Rbd8 22. g4 h5 23. Kg3 hxg4 24. fxg4 1-0

[Event "SVK-chT2C 1516"]
[Site "Slovakia"]
[Date "2016.02.14"]
[Round "9.5"]
[White "Vrablik, Miroslav"]
[Black "Hlavac, Peter"]
[Result "0-1"]
[WhiteElo "2001"]
[BlackElo "1984"]
[PlyCount "85"]
[EventDate "2015.10.17"]
[EventType "team-tourn"]
[EventRounds "11"]
[EventCountry "SVK"]
[SourceTitle "EXT 2017"]
[Source "ChessBase"]
[SourceDate "2016.10.25"]
[SourceVersion "1"]
[SourceVersionDate "2016.10.25"]
[SourceQuality "1"]
[WhiteTeam "Cebovce"]
[BlackTeam "Rajecke Teplice"]
[WhiteTeamCountry "SVK"]
[BlackTeamCountry "SVK"]

1. e4 d5 2. exd5 Qxd5 3. Nc3 Qa5 4. b4 Qxb4 5. Rb1 Qd6 6. Nf3 Nf6 7. Be2 g6 8. Rb3 c6 9. Bb2 Nbd7 10. 0-0 Bg7 11. Re1 0-0 12. Ba3 c5 13. d4 b6 14. Na4 Nd5 15. Bc4 e6 16. dxc5 bxc5 17. Rb5 Ba6 18. Bxd5 Bxb5 19. Bxa8 Qxd1 20. Rxd1 Bxa4 21. Be4 Rc8 22. Rb1 f5 23. Bd3 c4 24. Be2 Bxc2 25. Rc1 Be4 26. Bxc4 Bd5 27. Bb3 Rxc1+ 28. Bxc1 Bxb3 29. axb3 Bc3 30. Be3 a6 31. Kf1 e5 32. Ke2 e4 33. Nd2 Kf7 34. Nc4 Ke6 35. f3 Kd5 36. h3 Nc5 37. fxe4+ fxe4 38. Nb6+ Kc6 39. Na4 Nxa4 40. bxa4 Kd5 41. Kd1 Kc4 42. Kc2 Ba5 43. Ba7 0-1